Catálogo

LIBRO DE LA SALIDA A LA LUZ DEL DIA : (Registro nro. 53966)

Detalles MARC
000 -LEADER
fixed length control field 00501nam a2200169 a 4500
001 - CONTROL NUMBER
control field 53966
005 - DATE AND TIME OF LATEST TRANSACTION
control field 20180714044518.0
008 - FIXED-LENGTH DATA ELEMENTS--GENERAL INFORMATION
fixed length control field 140415s1975 000 0 spa d
041 ## - LANGUAGE CODE
Language code of text/sound track or separate title spa
082 ## - DEWEY DECIMAL CLASSIFICATION NUMBER
Classification number 220.15
Item number MAY
100 1# - MAIN ENTRY--PERSONAL NAME
Personal name MAYNADE, JOSEFINA
245 10 - TITLE STATEMENT
Title LIBRO DE LA SALIDA A LA LUZ DEL DIA :
Remainder of title LIBRO DE LOS MUERTOS
260 ## - PUBLICATION, DISTRIBUTION, ETC.
Place of publication, distribution, etc. [s.l.] :
Name of publisher, distributor, etc. DIANA,
Date of publication, distribution, etc. 1975
300 ## - PHYSICAL DESCRIPTION
Extent 157
490 ## - SERIES STATEMENT
Series statement TRADICCION SAGRADA DE LA HUMANIDAD
Volume/sequential designation 8
650 14 - SUBJECT ADDED ENTRY--TOPICAL TERM
Topical term or geographic name entry element CULTO DE LOS ANTEPASADOS
General subdivision VIDA FUTURA
Existencias
Withdrawn status Lost status Source of classification or shelving scheme Damaged status Not for loan Collection code Home library Current library Shelving location Date acquired Source of acquisition Inventory number Total Checkouts Full call number Barcode Date last seen Price effective from Koha item type
    Dewey Decimal Classification     General Biblioteca Karol Wojtyla Biblioteca Karol Wojtyla Sala general 03/12/2013 Compra 151000000000000000062349   220.15 MAY 8023 05/01/2026 03/12/2013 Libro